AMSY: (Record no. 204569)

MARC details
000 -LEADER
fixed length control field 01059nam a22002057a 4500
005 - DATE AND TIME OF LATEST TRANSACTION
control field 20240813150140.0
010 ## - LCCN (DPL NO)
LC control number HIN-128064
020 ## - INTERNATIONAL STANDARD BOOK NUMBER
Terms of availability 195.00
International Standard Book Number 9788184157482
020 ## - INTERNATIONAL STANDARD BOOK NUMBER
Terms of availability 195.00
International Standard Book Number 9789390607303
035 ## - SYSTEM CONTROL NUMBER
System control number HN-100410
037 ## - SOURCE OF ACQUISITION
Source of stock number/acquisition DBAD
082 ## - DEWEY DECIMAL CLASSIFICATION NUMBER
Classification number 158.1
100 ## - MAIN ENTRY--PERSONAL NAME
Personal name तेजपारखी, सरश्री
245 ## - TITLE STATEMENT
Title AMSY:
Remainder of title द पॉवर बियोंड योअर सब्कोंशियस माइंड/
Statement of responsibility, etc सरश्री तेजपारखी
260 ## - PUBLICATION, DISTRIBUTION, ETC. (IMPRINT)
Place of publication, distribution, etc मुंबई
Name of publisher, distributor, etc वोव पब्लिशिन्ग्ज़ प्रा. लि. , पुणे
Date of publication, distribution, etc 2022
270 ## - ADDRESS
Address विक्रांत कोम्प्लेक्स , तपोचन मंदिर के नजदीक , पिंपरी ,
City पुणे
Postal code 411024
300 ## - PHYSICAL DESCRIPTION
Extent 176 पृ.
Dimensions 22 सेमी (अजिल्द)
500 ## - GENERAL NOTE
General note हर लाइलाज समस्या का इलाज आपके अंदर है
942 ## - ADDED ENTRY ELEMENTS (KOHA)
Source of classification or shelving scheme Dewey Decimal Classification
Item type Hindi Books
Classification part 158.1
Call number suffix सरश्री
Holdings
Withdrawn status Lost status Not for loan Collection code Home library Current library Date acquired Source of acquisition Cost, normal purchase price Full call number Barcode Copy number Cost, replacement price Koha item type
      Non-fiction Patel Nagar Patel Nagar 29/07/2024 DABD 195.00 158.1 सरश्री HN-100410 1 195.00 Hindi Books

© Delhi Public Library
Hit Counter
free hit counter